MARC details
| 000 -LEADER |
| fixed length control field |
02862namaa2200481uu 4500 |
| 001 - CONTROL NUMBER |
| control field |
doab135599 |
| 003 - CONTROL NUMBER IDENTIFIER |
| control field |
oapen |
| 005 - DATE AND TIME OF LATEST TRANSACTION |
| control field |
20260218110428.0 |
| 006 - FIXED-LENGTH DATA ELEMENTS--ADDITIONAL MATERIAL CHARACTERISTICS |
| fixed length control field |
m o d |
| 007 - PHYSICAL DESCRIPTION FIXED FIELD--GENERAL INFORMATION |
| fixed length control field |
cr|mn|---annan |
| 008 - FIXED-LENGTH DATA ELEMENTS--GENERAL INFORMATION |
| fixed length control field |
240314s2024 xx |||||o ||| 0|eng d |
| 020 ## - INTERNATIONAL STANDARD BOOK NUMBER |
| International Standard Book Number |
978-3-031-45635-0 |
| 020 ## - INTERNATIONAL STANDARD BOOK NUMBER |
| International Standard Book Number |
9783031456343 |
| 020 ## - INTERNATIONAL STANDARD BOOK NUMBER |
| International Standard Book Number |
9783031456350 |
| 024 7# - OTHER STANDARD IDENTIFIER |
| Standard number or code |
10.1007/978-3-031-45635-0 |
| Source of number or code |
doi |
| 040 ## - CATALOGING SOURCE |
| Original cataloging agency |
oapen |
| Transcribing agency |
oapen |
| Modifying agency |
|
| 041 0# - LANGUAGE CODE |
| Language code of text/sound track or separate title |
eng |
| 042 ## - AUTHENTICATION CODE |
| Authentication code |
dc |
| 245 00 - TITLE STATEMENT |
| Title |
Agroforestry as Climate Change Adaptation |
| Remainder of title |
The Case of Cocoa Farming in Ghana |
| 260 ## - PUBLICATION, DISTRIBUTION, ETC. |
| Place of publication, distribution, etc. |
Cham |
| Name of publisher, distributor, etc. |
Springer Nature |
| Date of publication, distribution, etc. |
2024 |
| 300 ## - PHYSICAL DESCRIPTION |
| Extent |
1 online resource (171 p.) |
| 336 ## - CONTENT TYPE |
| Content type term |
text |
| Content type code |
txt |
| Source |
rdacontent |
| 337 ## - MEDIA TYPE |
| Media type term |
computer |
| Media type code |
c |
| Source |
rdamedia |
| 338 ## - CARRIER TYPE |
| Carrier type term |
online resource |
| Carrier type code |
cr |
| Source |
rdacarrier |
| 506 0# - RESTRICTIONS ON ACCESS NOTE |
| Standardized terminology for access restriction |
Unrestricted online access |
| Source of term |
star |
| 520 ## - SUMMARY, ETC. |
| Summary, etc. |
This open access book provides multidisciplinary perspectives on the potential of agroforestry to mitigate the negative impacts of climate change on cocoa production. Against the backdrop of increasingly precarious farmer livelihoods, it focuses on cocoa-agroforestry in Ghana - the second largest producer of cocoa in the world. Taking the reader on a journey across experimental plots and on-farm studies, the book delivers a holistic understanding of cocoa-agroforestry. Chapters examine historical yield and climate interactions, the effects of heat and drought on cocoa plants and the role of differing shade trees on soil fertility, yields, pests and diseases. The book discusses the socioeconomics of shade tree management, including cost-benefits, tree rights and competition for natural resources emphasizing policy implications and recommendations. Taking a multidisciplinary approach to climate-agriculture interactions, the book provides an innovative understanding of agroforestry and perennial cropping systems that goes beyond the Ghanaian cocoa belt. It is of relevance to students, researchers, farmers, practitioners and policymakers working with agroforestry and climate change adaptation. This is an open access book. |
| 540 ## - TERMS GOVERNING USE AND REPRODUCTION NOTE |
| Terms governing use and reproduction |
Creative Commons |
| -- |
by-nc-nd/4.0/ |
| -- |
cc |
| Uniform Resource Identifier |
<a href="http://creativecommons.org/licenses/by-nc-nd/4.0/">http://creativecommons.org/licenses/by-nc-nd/4.0/</a> |
| 546 ## - LANGUAGE NOTE |
| Language note |
English |
| 650 #7 - SUBJECT ADDED ENTRY--TOPICAL TERM |
| Topical term or geographic name entry element |
Environmental management |
| Source of heading or term |
bicssc |
| 650 #7 - SUBJECT ADDED ENTRY--TOPICAL TERM |
| Topical term or geographic name entry element |
Geography |
| Source of heading or term |
bicssc |
| 650 #7 - SUBJECT ADDED ENTRY--TOPICAL TERM |
| Topical term or geographic name entry element |
Sociology |
| Source of heading or term |
bicssc |
| 650 #7 - SUBJECT ADDED ENTRY--TOPICAL TERM |
| Topical term or geographic name entry element |
Sustainability |
| Source of heading or term |
bicssc |
| 650 #7 - SUBJECT ADDED ENTRY--TOPICAL TERM |
| Topical term or geographic name entry element |
The environment |
| Source of heading or term |
bicssc |
| 720 1# - ADDED ENTRY--UNCONTROLLED NAME |
| Name |
Olwig, Mette Fog |
| Relator code |
edt |
| 720 1# - ADDED ENTRY--UNCONTROLLED NAME |
| Name |
Olwig, Mette Fog |
| Relator code |
oth |
| 720 1# - ADDED ENTRY--UNCONTROLLED NAME |
| Name |
Owusu, Kwadwo |
| Relator code |
edt |
| 720 1# - ADDED ENTRY--UNCONTROLLED NAME |
| Name |
Owusu, Kwadwo |
| Relator code |
oth |
| 720 1# - ADDED ENTRY--UNCONTROLLED NAME |
| Name |
Skovmand Bosselmann, Aske |
| Relator code |
edt |
| 720 1# - ADDED ENTRY--UNCONTROLLED NAME |
| Name |
Skovmand Bosselmann, Aske |
| Relator code |
oth |
| 793 0# - |
| -- |
DOAB Library. |
| 856 ## - ELECTRONIC LOCATION AND ACCESS |
| Uniform Resource Identifier |
<a href="https://docs.google.com/spreadsheets/d/1yKIrdCPDAG_9c22mwoOIO2DOhtj65Wqa/edit?usp=sharing&ouid=106555315294820607512&rtpof=true&sd=true ">https://docs.google.com/spreadsheets/d/1yKIrdCPDAG_9c22mwoOIO2DOhtj65Wqa/edit?usp=sharing&ouid=106555315294820607512&rtpof=true&sd=true </a> |
| Link text |
List of Curated E-Books |
| 942 ## - ADDED ENTRY ELEMENTS (KOHA) |
| Koha item type |
E-Book |